Kerala development report (Record no. 692135)

MARC details
000 -LEADER
fixed length control field 00742nam a2200265Ia 4500
003 - CONTROL NUMBER IDENTIFIER
control field OSt
005 - DATE AND TIME OF LATEST TRANSACTION
control field 20220927105350.0
008 - FIXED-LENGTH DATA ELEMENTS--GENERAL INFORMATION
fixed length control field 220926b |||||||| |||| 00| 0 eng d
020 ## - INTERNATIONAL STANDARD BOOK NUMBER
International Standard Book Number 9788171885947
037 ## - SOURCE OF ACQUISITION
Terms of availability Reference Collections
040 ## - CATALOGING SOURCE
Original cataloging agency RTL
Transcribing agency RTL
Language of cataloging eng
041 ## - LANGUAGE CODE
Source of code eng
Language code of text/sound track or separate title eng
110 ## - MAIN ENTRY--CORPORATE NAME
Corporate name or jurisdiction name as entry element "INDIA, PLANNING COMMISSION"
245 #0 - TITLE STATEMENT
Title Kerala development report
260 ## - PUBLICATION, DISTRIBUTION, ETC.
Place of publication, distribution, etc. New
Name of publisher, distributor, etc. Delhi Academic Foundation
Date of publication, distribution, etc. 2008
300 ## - PHYSICAL DESCRIPTION
Extent 476p
Dimensions cm.
500 ## - GENERAL NOTE
General note Bibliography chapterwise
700 ## - ADDED ENTRY--PERSONAL NAME
Personal name "INDIA, PLANNING COMMISSION"
942 ## - ADDED ENTRY ELEMENTS (KOHA)
Classification part "X:77.212r, P8/GD"
Koha item type
Holdings
Withdrawn status Lost status Damaged status Not for loan Home library Current library Date acquired Total Checkouts Full call number Barcode Date last seen Price effective from Koha item type
        Ratan Tata Library Ratan Tata Library 2022-09-27   "X:77.212r P8/GD" RT1360985 2022-09-27 2022-09-27  
Copyright @ Delhi University Library System